[Event "Olympiad Women 2024"]
[Site "Budapest HUN"]
[Date "2024.09.14"]
[Round "4.33"]
[Board "3"]
[White "Fronda, Jan Jodilyn"]
[Black "Vasquez Vasquez, Marielos"]
[Result "1-0"]
[WhiteElo "2165"]
[BlackElo "1844"]
[PlyCount "61"]
[EventDate "2024.09.11"]
[WhiteTeam "Philippines"]
[BlackTeam "El Salvador"]
[WhiteTeamCountry "PHI"]
[BlackTeamCountry "ESA"]

1. e4 c5 2. Nf3 Nc6 3. Bb5 g6 4. O-O Bg7 5. Bxc6 dxc6 6. h3 Nf6 7. Re1 Nd7 ({RR} 7... O-O 8. d3 Ne8 9. e5 Nc7 10. Nbd2 b6 11. a4 a5 12. Nc4 Nd5 13. Bd2 Ra7 14. Qc1 f5 15. Bh6 Be6 16. Bxg7 Kxg7 17. Ng5 Qd7 18. f4 h6 {½-½ Juswanto,D (2516)-Kotsur,P (2578) Asia Cities-ch 13th 2002 (4)}) 8. e5 Nb6 $146 ({RR} 8... Nf8 9. d3 Ne6 10. Nc3 b6 11. Ne4 Bb7 12. Neg5 Nxg5 13. Nxg5 h6 14. Ne4 Qd4 15. Nf6+ Kf8 16. c3 Qd8 17. Ne4 Ba6 18. c4 Qd4 19. e6 f5 20. Nc3 Kg8 21. Be3 Qd6 22. Qc2 Kh7 23. Rad1 {0-1 Herman,M (2383)-Kazakouski,V (2596) Titled Tue 30th Jan Late 2024 (1)}) ({RR} 8... Nf8 9. d3 Ne6 10. Ng5 c4 11. Nxe6 Bxe6 12. d4 O-O 13. Nc3 Bd5 14. Be3 Qd7 15. Qd2 Rfd8 16. Bh6 Bh8 17. Rad1 Qe6 18. Qe3 Rd7 19. Ne2 Qf5 20. Nf4 g5 21. Nxd5 Rxd5 22. Bxg5 e6 23. Qg3 {½-½ Horoschavina,O (2076)-Bogdanovich,S (2299) Yuzhny op 2008 (4)}) 9. d3 Nd5 10. Nbd2 O-O 11. Ne4 b6 12. b3 Qc7 13. Bb2 Bf5 14. Ng3 Bd7 15. Qc1 h6 16. a3 Qc8 17. c4 Nc7 18. b4 Ne6 19. Ne4 Rd8 20. Qe3 cxb4 21. d4 Be8 22. axb4 f6 23. exf6 exf6 24. d5 Nf8 25. Nxf6+ Bxf6 26. Bxf6 Rd7 27. Be7 Nh7 28. Qxh6 Qb7 29. d6 Bf7 30. Re4 Re8 31. Rh4 1-0

[Event "Olympiad Women 2024"]
[Site "Budapest HUN"]
[Date "2024.09.14"]
[Round "4.33"]
[Board "4"]
[White "Barahona, Dalila Yamileth"]
[Black "Galas, Bernadette"]
[Result "0-1"]
[WhiteElo "1833"]
[BlackElo "2013"]
[PlyCount "82"]
[EventDate "2024.09.11"]
[WhiteTeam "El Salvador"]
[BlackTeam "Philippines"]
[WhiteTeamCountry "ESA"]
[BlackTeamCountry "PHI"]

1. c4 c5 2. Nc3 Nc6 3. g3 g6 4. Bg2 Bg7 5. Nf3 d6 6. O-O e6 7. d3 Nge7 8. Rb1 O-O 9. a3 Rb8 ({RR} 9... a6 10. Bd2 Rb8 11. b4 cxb4 12. axb4 b5 13. cxb5 axb5 14. Qb3 Nf5 15. e3 d5 16. Ne2 e5 17. Rfc1 Nfe7 18. Rc5 Qd6 19. Rbc1 h6 20. Nc3 Be6 21. Nxb5 Qd7 22. d4 e4 23. Ne1 h5 24. Na3 {1-0 Padalka,A (2177)-Morales Garcia,S (2249) Titled Tue 9th Apr Late 2024 (5)}) 10. Bd2 b6 11. b4 Bb7 12. Qc1 $146 ({RR} 12. h3 h6 13. Re1 Nd4 14. e3 Nxf3+ 15. Bxf3 Bxf3 16. Qxf3 Qd7 17. Red1 Nc6 18. Be1 Rbc8 19. Ne4 f5 20. Nd2 Kh7 21. Qe2 Rce8 22. Nf3 e5 23. Kh2 Re7 24. b5 Nd8 25. Nh4 g5 26. Ng2 f4 {0-1 Timofeev,A (2574)-Martinez Alcantara,J (2598) Titled Tuesday intern op 01st Mar Early blitz 2022 (7)}) ({RR} 12. e3 Ba8 13. Qe2 d5 14. bxc5 bxc5 15. Rxb8 Qxb8 16. Rb1 Qc7 17. cxd5 exd5 18. Na4 Qd6 19. Rc1 c4 20. dxc4 Qxa3 21. Nc3 dxc4 22. Qxc4 Na5 23. Qa6 Bb7 24. Qxa7 Nec6 25. Qb6 Nc4 26. Qxb7 Nxd2 {0-1 Harikrishna,P (2727)-Gelfand,B (2743) Beijing Sportaccord blitz 2014 (16)}) ({RR} 12. Re1 Nd4 13. Nxd4 cxd4 14. Na4 Bxg2 15. Kxg2 Qc7 16. Bf4 e5 17. Bg5 h6 18. Bd2 Kh7 19. e3 dxe3 20. Bxe3 d5 21. cxd5 Nxd5 22. Qf3 Nxe3+ 23. Rxe3 Qc2 24. Qd1 Rbc8 25. Re2 Qxd1 26. Rxd1 Rfd8 {0-1 Troyke,D (2189)-Ankerst,M (2097) GER-chT Federal Cup (Women) 2006 (5)}) 12... Nd4 13. Nxd4 cxd4 14. Ne4 f5 15. Ng5 Qd7 16. Nf3 e5 17. e3 dxe3 18. fxe3 Rbc8 19. Bc3 b5 20. Qd1 e4 21. Nd4 bxc4 22. dxc4 Rxc4 23. Qd2 Nd5 24. Bb2 Rfc8 25. Rfc1 Bh6 26. Re1 Bg7 27. Bf1 R4c7 28. Bb5 Qe7 29. Ba4 Nb6 30. Bb3+ d5 31. Nb5 Nc4 32. Bxc4 Rxc4 33. Bxg7 Qxg7 34. Nd6 Rc2 35. Qd1 R8c3 36. Nb5 Qh6 37. h4 Rxe3 38. Qxc2 Rxg3+ 39. Kf1 Qf4+ 40. Qf2 Rf3 41. Re2 e3 0-1

[Event "Olympiad Women 2024"]
[Site "Budapest HUN"]
[Date "2024.09.14"]
[Round "4.34"]
[Board "1"]
[White "Mayorga Araya, Sofia"]
[Black "Goossens, Hanne"]
[Result "1-0"]
[WhiteElo "2059"]
[BlackElo "2189"]
[PlyCount "139"]
[EventDate "2024.09.11"]
[WhiteTeam "Costa Rica"]
[BlackTeam "Belgium"]
[WhiteTeamCountry "CRI"]
[BlackTeamCountry "BEL"]

1. e4 e5 2. Nf3 Nc6 3. Bb5 a6 4. Ba4 Nf6 5. Qe2 d6 6. c3 Bd7 7. O-O g6 8. Rd1 ({RR} 8. d4 Bg7 9. Bxc6 Bxc6 10. dxe5 Nxe4 11. exd6 O-O 12. dxc7 Qxc7 13. Na3 Rfe8 14. Be3 b5 15. Rfe1 Bb7 16. Nc2 Nd6 17. Nd2 Nf5 18. Qg4 h5 19. Qh3 Bf6 20. Nd4 Nxe3 21. Rxe3 Bg5 22. Rxe8+ Rxe8 {0-1 Rendle,T (2374)-Adams,M (2727) Bunratty Masters op 20th 2013 (4)}) 8... Bg7 9. d3 ({RR} 9. d4 Qe7 10. Nbd2 O-O 11. dxe5 dxe5 12. Bb3 Nh5 13. Nf1 Be6 14. Bg5 Bf6 15. Bh6 Bg7 16. Bg5 Bf6 17. Bh6 Rfd8 18. g3 Na5 19. Bxe6 Qxe6 20. Ng5 Qe7 21. Nf3 Bg7 22. Bxg7 Kxg7 23. Ne3 Nf6 {0-1 Smieszek,W (2110)-Arabidze,M (2457) Titled Tue 11th Jun Early 2024 (2)}) 9... O-O 10. Nbd2 h6 $146 ({RR} 10... Nd4 11. cxd4 Bxa4 12. b3 Bd7 13. dxe5 Ng4 14. Bb2 Nxe5 15. Nxe5 dxe5 16. Rac1 c6 17. Nc4 f6 18. Ba3 Re8 19. Nd6 Re6 20. Nxb7 Qb6 21. Nc5 Re7 22. Na4 Qd8 23. Bxe7 Qxe7 24. Nb6 Rb8 25. Nxd7 {1-0 Dubbeldam,B-Hofstra,T NED-ch U17 Rotterdam 2015 (1)}) ({RR} 10... Nd4 11. cxd4 Bxa4 12. b3 Bb5 13. a4 Bd7 14. dxe5 dxe5 15. Bb2 Bg4 16. Bxe5 Re8 17. Bb2 Qd7 18. h3 Bf5 19. Ne5 Qe6 20. exf5 Qxf5 21. d4 c5 22. Ndf3 Nd7 23. Re1 f6 24. Qc4+ {1-0 Pedersen,C (2088)-Pedersen,C (1947) Hillerod CC-chA 2016 (4)}) 11. Nf1 Nh7 12. h3 Nd4 13. cxd4 Bxa4 14. b3 Bd7 15. dxe5 dxe5 16. Bb2 Qe7 17. Ne3 Bc6 18. Ng4 f6 19. Nh4 Qf7 20. Qe3 Ng5 21. f4 exf4 22. Qxf4 h5 23. Ne3 Kh7 24. Rf1 Rad8 25. Rad1 Ne6 26. Qg3 Nd4 27. Rf2 Bh6 28. Nd5 Bxd5 29. Bxd4 Bxe4 30. dxe4 c5 31. Rc2 g5 32. Rxc5 gxh4 33. Qc3 Rg8 34. Rf1 Rg3 35. Rc7 Rd7 36. Rxd7 Qxd7 37. Qb2 Qxh3 38. Rxf6 Qg4 39. Qc2 Bg7 40. Rf7 Qe6 41. Qc7 Rxg2+ 42. Kxg2 Qxe4+ 43. Kh2 Qxd4 44. Qc2+ Kg8 45. Rf2 Qe5+ 46. Kg2 Qg3+ 47. Kf1 h3 48. Qc8+ Kh7 49. Qf5+ Kg8 50. Qf7+ Kh7 51. Qxh5+ Kg8 52. Qf7+ Kh7 53. Qf3 Qc7 54. Qxh3+ Kg8 55. Qe6+ Kh8 56. Qe8+ Kh7 57. Qe4+ Kh6 58. Qf4+ Qxf4 59. Rxf4 Kg6 60. a4 Bc3 61. Rc4 Ba5 62. b4 Bd8 63. Rc8 Be7 64. Rc7 Bxb4 65. Rxb7 a5 66. Rxb4 axb4 67. Ke2 Kf5 68. a5 Ke5 69. a6 Kd4 70. a7 1-0

[Event "Olympiad Women 2024"]
[Site "Budapest HUN"]
[Date "2024.09.14"]
[Round "4.34"]
[Board "2"]
[White "Vanduyfhuys, Daria"]
[Black "Rodriguez Arrieta, Maria Elena"]
[Result "1-0"]
[WhiteElo "2112"]
[BlackElo "1941"]
[PlyCount "129"]
[EventDate "2024.09.11"]
[WhiteTeam "Belgium"]
[BlackTeam "Costa Rica"]
[WhiteTeamCountry "BEL"]
[BlackTeamCountry "CRI"]

1. d4 {ChessBase} Nf6 2. c4 e6 3. Nf3 Bb4+ 4. Bd2 a5 5. Nc3 b6 6. g3 Bb7 7. Bg2 O-O 8. O-O d6 9. b3 Nbd7 10. a3 Bxc3 11. Bxc3 Be4 ({RR} 11... Ne4 12. Bb2 f5 13. d5 e5 14. Nd2 Nxd2 15. Qxd2 Nc5 16. Qc2 a4 17. b4 Nb3 18. Rad1 f4 19. Be4 h6 20. gxf4 Rxf4 21. f3 Bc8 22. e3 Rh4 23. Kh1 Qe7 24. Rg1 Bd7 25. Rg6 Be8 26. Rg3 {0-1 Zherebukh,Y (2595)-Howell,D (2640) Titled Tuesday intern op 7th June blitz 2016 (6)}) ({RR} 11... Qb8 12. a4 Re8 13. Qc2 Be4 14. Qb2 Qb7 15. Bh3 d5 16. Nd2 Bg6 17. Bg2 h6 18. b4 axb4 19. Qxb4 Reb8 20. Ra2 Qc8 21. Rfa1 Ra7 22. Qb3 Qa6 23. h3 dxc4 24. Nxc4 Be4 25. Bxe4 Nxe4 26. Be1 {1-0 Mladek,R (2385)-Priehoda,V (2260) 35th Czech Open A 2024 (6.17)}) 12. Qc1 Qb8 13. Bh3 $146 ({RR} 13. a4 Qb7 14. Qf4 Rfe8 15. Rfd1 h6 16. Rac1 Re7 17. g4 ({RR} 17. Bh3) 17... e5 18. dxe5 Nxe5 19. Bxe5 dxe5 20. Qg3 Rae8 21. Rc3 Bc6 22. Nh4 g6 23. Rcd3 Bxg2 24. Nxg2 Kg7 25. Ne3 Qe4 26. Qg2 c6 27. Rd6 Re6 {0-1 Dzagnidze,N (2541)-Hou,Y (2629) Lopota FIDE GP (Women) 2014 (7)}) ({RR} 13. Rd1 b5 14. Nd2 Bxg2 15. Kxg2 Qb7+ 16. f3 b4 17. axb4 axb4 18. Bb2 Rxa1 19. Bxa1 c5 20. Nf1 Ra8 21. dxc5 dxc5 22. Qd2 Qc7 23. g4 h6 24. Ng3 Ra3 25. g5 hxg5 26. Qxg5 Kf8 27. Ne4 Ne8 {1-0 Vanduyfhuys,D (2094)-Obondo,C (1439) Olympiad Women-44 2022 (11.2)}) 13... c5 14. a4 Qc7 15. Rd1 h6 16. Bb2 Rac8 17. Qd2 Rfe8 18. dxc5 dxc5 19. Qe3 Ba8 20. Bg2 Red8 21. Rd3 Ng4 22. Qf4 Qxf4 23. gxf4 Be4 24. Rd2 Nb8 25. Rad1 Nc6 26. h3 Nf6 27. Ne5 Rxd2 28. Rxd2 Bxg2 29. Kxg2 Rd8 30. Rxd8+ Nxd8 31. Kf3 Kf8 32. e4 Ke7 33. Ke3 Ne8 34. f3 Nc7 35. Bc3 Na6 36. Nd3 f6 37. Kd2 Nc6 38. Ke3 Nc7 39. Nc1 Na6 40. Ne2 Nc7 41. Ng3 Kf7 42. f5 e5 43. f4 Nd4 44. fxe5 fxe5 45. Kd3 Ne8 46. Ne2 Nxe2 47. Kxe2 Kf6 48. Be1 Nd6 49. Bh4+ Kf7 50. Kf3 Ke8 51. Bg3 Nf7 52. Kg4 Kf8 53. Kh5 Kg8 54. Bh4 Kh7 55. Be7 Kg8 56. f6 Kh7 57. fxg7 Kxg7 58. h4 Kh7 59. Kg4 Kg6 60. h5+ Kg7 61. Kf5 Kh7 62. Kf6 Ng5 63. Kxe5 Nf3+ 64. Kd5 Nd4 65. Bd8 1-0

[Event "Olympiad Women 2024"]
[Site "Budapest HUN"]
[Date "2024.09.14"]
[Round "4.34"]
[Board "3"]
[White "Bogantes Robleto, Karina"]
[Black "De Rycke, Tyani"]
[Result "0-1"]
[WhiteElo "1766"]
[BlackElo "2110"]
[PlyCount "96"]
[EventDate "2024.09.11"]
[WhiteTeam "Costa Rica"]
[BlackTeam "Belgium"]
[WhiteTeamCountry "CRI"]
[BlackTeamCountry "BEL"]

1. d4 Nf6 2. c4 g6 3. Nc3 Bg7 4. e4 d6 5. h3 Nbd7 6. Be3 e5 7. d5 h5 8. Qc2 ({RR} 8. Bd3 Bh6 9. Bxh6 Rxh6 10. Qd2 Rh8 11. Nge2 Kf8 12. O-O Kg7 13. f4 exf4 14. Rxf4 Ne5 15. Raf1 Nh7 16. Nd4 Qe7 17. Nf3 Rf8 18. Nxe5 Qxe5 19. Qf2 f6 20. Nb5 c5 21. dxc6 bxc6 22. Nd4 Bd7 {0-1 Andreikin,D (2729)-Tabatabaei,M (2664) Chess.com Rapid Wk23 Swiss 2022 (3)}) ({RR} 8. Bd3 Bh6 9. Bxh6 Rxh6 10. Qd2 Rh8 11. O-O-O h4 12. Nge2 Kf8 13. g3 Kg7 14. Rdg1 hxg3 15. fxg3 Nc5 16. g4 a5 17. Ng3 Nxd3+ 18. Qxd3 Bd7 19. Qf3 Rh4 20. Qf2 Nh7 21. Rf1 Qe7 22. Kb1 Rh8 {0-1 Kalosha,Z (2232)-Kavutskiy,K (2328) 28th Hotel Adriatico 2024 (4.8)}) 8... Bh6 9. Bxh6 Rxh6 10. Nf3 h4 $146 ({RR} 10... a5 11. Bd3 Nc5 12. h4 Rh8 13. Nd2 Nfd7 14. O-O-O Nxd3+ 15. Qxd3 Nc5 16. Qe3 Bd7 17. g3 Qe7 18. Rhf1 O-O-O 19. Nb3 Nxb3+ 20. axb3 b6 21. f4 Rhf8 22. f5 Qf6 23. Qg5 Qxg5+ 24. hxg5 Rg8 25. fxg6 {1-0 Chatzieleftheriou,A (2351)-Tsaknakis,Z (2305) 41st TCh-GRE Cup Final 2023 (5.1)}) 11. O-O-O Nh5 12. Qd2 Rh8 13. Qg5 Qxg5+ 14. Nxg5 a6 15. Nf3 Nf4 16. g3 hxg3 17. fxg3 Nh5 18. Rg1 Ke7 19. Nh4 Ndf6 20. Rd2 Bd7 21. Rf2 Rab8 22. b4 b5 23. cxb5 axb5 24. Nf3 Nh7 25. Kd2 Rhg8 26. g4 Nf4 27. Ne2 Ra8 28. Nc3 c6 29. Ke1 cxd5 30. Nxd5+ Nxd5 31. exd5 Ra4 32. Rb2 Nf6 33. Bg2 Nxd5 34. Nxe5 Nxb4 35. a3 Rxa3 36. Rxb4 dxe5 37. Bf1 Ra1+ 38. Kf2 Rc8 39. Rg3 Rc2+ 40. Be2 Ra4 41. Rgb3 Rxb4 42. Rxb4 Kd6 43. Kf1 Rc5 44. h4 Rc1+ 45. Kf2 Rh1 46. g5 Rh2+ 47. Ke1 Bc6 48. Bxb5 Kc5 0-1

[Event "Olympiad Women 2024"]
[Site "Budapest HUN"]
[Date "2024.09.14"]
[Round "4.34"]
[Board "4"]
[White "Dierckens, Sarah"]
[Black "Canales Chinchilla, Victoria"]
[Result "0-1"]
[WhiteElo "1943"]
[BlackElo "1825"]
[PlyCount "104"]
[EventDate "2024.09.11"]
[WhiteTeam "Belgium"]
[BlackTeam "Costa Rica"]
[WhiteTeamCountry "BEL"]
[BlackTeamCountry "CRI"]

1. e4 c5 2. Nf3 Nc6 3. Bb5 g6 4. Bxc6 dxc6 5. d3 Bg7 6. h3 e5 7. Be3 b6 8. Qd2 Ne7 9. Bh6 Bxh6 10. Qxh6 f6 11. Qg7 Rf8 12. Qxh7 Be6 $146 ({RR} 12... Ba6 13. Nc3 Qd6 14. O-O-O O-O-O 15. Qh6 Qe6 16. Kb1 Rh8 17. Qe3 Rd6 18. Nd2 Rhd8 19. f3 Qd7 20. Kc1 g5 21. g3 Qe6 22. f4 exf4 23. gxf4 Nd5 24. Nxd5 cxd5 25. Kb1 c4 26. d4 gxf4 27. Qxf4 {1-0 Lulic,I (2087)-Kukina,M (2069) CRO-chT2 West 2012 (3.54)}) 13. Nc3 Qd6 14. Qh6 O-O-O 15. Qe3 g5 16. O-O-O b5 17. Nd2 Kb7 18. Nb3 Kb6 19. a4 Bxb3 20. cxb3 Qe6 21. a5+ Ka6 22. Qxc5 Rd7 23. Kc2 Rfd8 24. Na2 Rd4 25. Nb4+ Rxb4 26. Qxb4 c5 27. Qc3 Nc6 28. Kb1 Nb4 29. h4 gxh4 30. Rxh4 Rd4 31. Rh7 Qd6 32. f3 Nxd3 33. b4 c4 34. b3 Nxb4 35. Rxd4 exd4 36. Qb2 c3 37. Qa3 c2+ 38. Ka1 Qc5 39. Rh1 Qc3+ 40. Qb2 Nd3 41. Qxc3 dxc3 42. b4 c1=Q+ 43. Rxc1 Nxc1 44. Kb1 Nd3 45. Kc2 Nxb4+ 46. Kxc3 Kxa5 47. f4 Nc6 48. g4 Kb6 49. e5 fxe5 50. f5 Ne7 51. Kd3 Nxf5 52. gxf5 Kc6 0-1

[Event "Olympiad Women 2024"]
[Site "Budapest HUN"]
[Date "2024.09.14"]
[Round "4.35"]
[Board "1"]
[White "Sulyok, Eszter"]
[Black "Smith, Olivia"]
[Result "0-1"]
[WhiteElo "2080"]
[BlackElo "2087"]
[PlyCount "126"]
[EventDate "2024.09.11"]
[WhiteTeam "Hungary C"]
[BlackTeam "Wales"]
[BlackTeamCountry "WLS"]

1. c4 e5 2. e3 d6 3. Nc3 f5 4. g3 Nf6 5. Bg2 g6 6. Nge2 Bg7 7. d3 O-O 8. O-O c6 9. d4 ({RR} 9. e4 Kh8 10. b3 Be6 11. exf5 Nbd7 12. d4 Bxf5 13. h3 Re8 14. Be3 Qe7 15. Qd2 Qf7 16. g4 Bxg4 17. hxg4 Nxg4 18. d5 c5 19. Ne4 Bf8 20. N2g3 Be7 21. Bh3 Ndf6 {1-0 Li,C (2724)-Esipenko,A (2587) CHN-RUS Summit Men blitz 11th 2018 (5.1)}) ({RR} 9. h3 Kh8 10. f4 a5 11. Rb1 Na6 12. b3 Qe7 13. e4 Nc5 14. Ba3 Nh5 15. Kh2 Bd7 16. Qd2 Rae8 17. Rbe1 b5 18. cxb5 cxb5 19. Nd5 Qd8 20. fxe5 Bxe5 21. d4 Nxg3 22. Nxg3 Nxe4 23. Bxe4 Bxg3+ {1-0 Sargsyan,A (2371)-Krol,A FIDE World Corporate GpA 2024 (2)}) 9... e4 10. d5 c5 11. f3 $146 ({RR} 11. h4 Nbd7 12. Nf4 Ne5 13. b3 Qe8 14. Bb2 h6 15. Nb5 Qd8 16. Bxe5 dxe5 17. Ne6 Bxe6 18. dxe6 Re8 19. Nd6 Re7 20. Qd2 Rxe6 21. Rfd1 Qc7 22. Nb5 Qe7 23. Qc3 a6 24. Na3 Rd6 25. Rxd6 Qxd6 {0-1 Federzoni,E (2135)-Moskalenko,A (2514) Titled Tuesday intern op 15th Feb Late blitz 2022 (1)}) 11... exf3 12. Bxf3 Nbd7 13. Nf4 Ne5 14. Ne6 Nxf3+ 15. Qxf3 Bxe6 16. dxe6 Re8 17. e4 fxe4 18. Nxe4 Nxe4 19. Qxe4 Qe7 20. Re1 Be5 21. Bf4 Qxe6 22. Bxe5 dxe5 23. Rad1 Rad8 24. Rd5 Rxd5 25. cxd5 Qd6 26. Qc4 Rd8 27. Rd1 Kg7 28. a3 b6 29. Rd2 Rf8 30. Rf2 Rd8 31. Rd2 Rf8 32. Rf2 Rf5 33. Rd2 h5 34. b4 cxb4 35. axb4 Rf7 36. Rf2 Rc7 37. Qe4 Rd7 38. Rd2 a5 39. b5 Qc5+ 40. Kg2 Qd6 41. g4 hxg4 42. Qxg4 Rc7 43. Qe6 Qxe6 44. dxe6 Kf8 45. Rd8+ Ke7 46. Rb8 Kxe6 47. Rxb6+ Kf5 48. Ra6 Rc2+ 49. Kg3 Ra2 50. Ra8 a4 51. Rf8+ Ke6 52. b6 Rb2 53. Rg8 a3 54. Rxg6+ Kd5 55. b7 Rxb7 56. Ra6 Rb3+ 57. Kg4 Kd4 58. h4 Kc3 59. Kf5 Kb2 60. Kxe5 Rh3 61. Rb6+ Ka1 62. Ra6 a2 63. Kd4 Kb2 0-1

[Event "Olympiad Women 2024"]
[Site "Budapest HUN"]
[Date "2024.09.14"]
[Round "4.35"]
[Board "2"]
[White "Camp, Imogen A L"]
[Black "Toth, Lili"]
[Result "1/2-1/2"]
[WhiteElo "1923"]
[BlackElo "2105"]
[PlyCount "92"]
[EventDate "2024.09.11"]
[WhiteTeam "Wales"]
[BlackTeam "Hungary C"]
[WhiteTeamCountry "WLS"]

1. d4 Nf6 2. Nc3 d5 3. Bf4 e6 4. Nb5 Na6 5. e3 c6 6. Nc3 b6 7. a3 Bd6 8. Bxd6 Qxd6 9. Nf3 Nc7 10. Bd3 Bb7 $146 ({RR} 10... h6 11. O-O Ba6 12. Bxa6 Nxa6 13. Qd3 Nc7 14. Rac1 Nd7 15. e4 c5 16. exd5 Nxd5 17. Nb5 Qc6 18. c4 Nc7 19. d5 exd5 20. Rfe1+ Kf8 21. Nxc7 Qxc7 22. Qxd5 Rc8 23. Rcd1 Nf6 24. Qf5 Rd8 25. Ne5 {1-0 Bachhuber,D (1843)-Lunz,D (1833) Mittelfranken-chTB2a 1819 2018 (3.6)}) 11. Ne5 Nd7 12. f4 Nxe5 13. fxe5 Qe7 14. Qg4 O-O-O 15. O-O-O f6 16. Qf4 fxe5 17. Qxe5 Qf6 18. Qxf6 gxf6 19. g4 h6 20. Rhf1 Rdf8 21. Rf2 Kd7 22. Rdf1 Ke7 23. Kd2 c5 24. Ne2 e5 25. Ng3 Bc8 26. h3 Ne8 27. Nh5 Rhg8 28. Bh7 Rg5 29. dxe5 Rxe5 30. Bg6 Ba6 31. Bd3 c4 32. Be2 Nd6 33. Ng3 Ke6 34. c3 Ne4+ 35. Nxe4 dxe4 36. Bd1 Bb7 37. Bc2 f5 38. Ke1 h5 39. Rf4 hxg4 40. hxg4 Rb5 41. gxf5+ Rbxf5 42. b4 Rxf4 43. exf4 Kf5 44. Ke2 Rh8 45. Ke3 Rh2 46. Bb1 Rh4 1/2-1/2

[Event "Olympiad Women 2024"]
[Site "Budapest HUN"]
[Date "2024.09.14"]
[Round "4.35"]
[Board "3"]
[White "Gombocz, Zsofia"]
[Black "Smith, Lynda"]
[Result "1/2-1/2"]
[WhiteElo "2061"]
[BlackElo "1831"]
[PlyCount "63"]
[EventDate "2024.09.11"]
[WhiteTeam "Hungary C"]
[BlackTeam "Wales"]
[BlackTeamCountry "WLS"]

1. e4 c5 2. Nf3 g6 3. Bc4 Bg7 4. c3 e6 5. O-O Nc6 6. d4 cxd4 7. Nxd4 Nxd4 8. cxd4 d5 9. Bb5+ $146 ({RR} 9. exd5 exd5 10. Re1+ Ne7 11. Bb5+ Bd7 12. Qa4 a6 13. Bxd7+ Qxd7 14. Qa3 Bf6 15. Bh6 g5 16. Qf3 Qd6 17. Nc3 O-O-O 18. Bxg5 Bxg5 19. Qg4+ Kb8 20. Qxg5 Nc6 21. Rad1 Rhg8 22. Qf5 Rg6 23. g3 Rd7 {1-0 Adamski,J-Filipowicz,A POL-ch30 Gdynia 1973 (3)}) ({RR} 9. exd5 exd5 10. Bb5+ Bd7 11. Re1+ Ne7 12. Qa4 Bxb5 13. Qxb5+ Qd7 14. Qb4 Bf6 15. Bh6 O-O-O 16. Bf4 Nc6 17. Rc1 g5 18. Be3 Kb8 19. Qd2 h6 20. Na3 Rc8 21. Nc2 Ne7 22. Bf4+ Ka8 23. Be5 Bxe5 {0-1 David,A (2631)-Guseinov,G (2602) Marrakesh op 1st 2010 (8)}) ({RR} 9. exd5 exd5 10. Re1+ Ne7 11. Bb5+ Bd7 12. Bg5 f6 13. Bxd7+ Qxd7 14. Bf4 O-O 15. Nc3 Nc6 16. Qa4 Qf5 17. Bg3 a6 18. Rad1 Rfe8 19. Qb3 Nxd4 20. Qxb7 Rxe1+ 21. Rxe1 Rd8 22. Qxa6 Nc2 23. Qe6+ Qxe6 {1-0 Schlegel,I (2233)-Chen,M (2030) 57th Biel Rapid Open 2024 (3.22)}) ({RR} 9. exd5 exd5 10. Bb5+ Bd7 11. Re1+ Ne7 12. Qe2 Bf6 13. Bh6 Bxb5 14. Qxb5+ Qd7 15. Nc3 O-O-O 16. Bf4 Nc6 17. Rec1 g5 18. Bg3 h5 19. Na4 Bxd4 20. Nc5 Bxc5 21. Rxc5 h4 22. Be5 Rh6 23. Rd1 Qe8 {1-0 Dzierzak,R (2252)-Lima Martinez,A (2074) FISU World University rapid 2020 (6.10)}) 9... Bd7 10. Bxd7+ Qxd7 11. e5 Ne7 12. Bg5 O-O 13. Qd2 f6 14. Bh6 fxe5 15. Bxg7 Kxg7 16. dxe5 Rac8 17. Nc3 a6 18. Ne4 Qa4 19. Nd6 Rc2 20. Qd1 Qc6 21. Rc1 Rxc1 22. Qxc1 Qd7 23. Rd1 Nf5 24. Ne4 Rc8 25. Qd2 h6 26. Ng3 Nxg3 27. hxg3 Qc7 28. Qf4 Qf7 29. Qe3 Qc7 30. Qf4 Qf7 31. Qe3 Qc7 32. Qf4 1/2-1/2

[Event "Olympiad Women 2024"]
[Site "Budapest HUN"]
[Date "2024.09.14"]
[Round "4.35"]
[Board "4"]
[White "Chong, Kimberly"]
[Black "Nandin-Erdene, Davaademberel"]
[Result "0-1"]
[WhiteElo "1779"]
[BlackElo "2039"]
[PlyCount "64"]
[EventDate "2024.09.11"]
[WhiteTeam "Wales"]
[BlackTeam "Hungary C"]
[WhiteTeamCountry "WLS"]

1. e4 c6 2. d4 d5 3. e5 Bf5 4. h4 h5 5. Bd3 Bxd3 6. Qxd3 e6 7. Bg5 Be7 8. Nf3 Nd7 9. Nbd2 ({RR} 9. Nc3 Qa5 10. O-O Nh6 11. Bxe7 Kxe7 12. Ne2 c5 13. c4 dxc4 14. Qxc4 cxd4 15. Qxd4 Nf5 16. Qf4 Nb6 17. Nc3 Rh6 18. Rfd1 Rg6 19. Nd4 Nxd4 20. Qxd4 Rg4 21. Qd6+ Ke8 22. Qc7 Rc4 23. Qxb7 Qxe5 {1-0 Ni,H (2653)-Brunello,S (2589) Porto Mannu op 6th 2014 (3)}) 9... Nh6 10. O-O Nf5 11. g3 Nf8 $146 ({RR} 11... c5 12. c4 cxd4 13. cxd5 Bxg5 14. dxe6 fxe6 15. Nxg5 Qe7 16. Rfe1 O-O 17. Ndf3 Nc5 18. Qa3 Rfd8 19. Rad1 d3 20. b4 Na6 21. Rxd3 Rxd3 22. Qxd3 Nxb4 23. Qb3 Nd5 24. Qb1 Rc8 25. Nd4 Nxd4 26. Qh7+ {1-0 Silva,L (2215)-Zhu,L (2129) Titled Tue 6th Aug Late 2024 (7)}) ({RR} 11... O-O 12. c4 a6 13. a4 Bxg5 14. hxg5 dxc4 15. Qxc4 Nb6 16. Qc5 a5 17. Kg2 Nd5 18. Rh1 g6 19. Ne4 Kg7 20. Nf6 Rh8 21. Ra3 Nb4 22. Raa1 b6 23. Qc4 Qe7 24. Nh4 Rad8 25. Rad1 Qb7 26. Nxf5+ {1-0 Zenelaj,S (2169)-Hutinovic,H (2051) BIH-chT1A 28th 2021 (3.2)}) 12. Rfe1 Nh7 13. Bxe7 Qxe7 14. Nf1 g5 15. Ne3 Nxe3 16. Rxe3 gxh4 17. gxh4 O-O-O 18. Kf1 Kb8 19. Ke2 Rdg8 20. Rh1 Rg4 21. Rh3 Nf8 22. Ng5 Ng6 23. Ref3 Nf4+ 24. Rxf4 Rxf4 25. Qe3 Rg4 26. Rf3 Rf8 27. Rf4 Rg1 28. Nh7 Rfg8 29. Ng5 Qb4 30. Qc3 Qb5+ 31. Kd2 Qf1 32. Qb3 Qc1+ 0-1

[Event "Olympiad Women 2024"]
[Site "Budapest HUN"]
[Date "2024.09.14"]
[Round "4.36"]
[Board "1"]
[White "Diaz Cesar, Wilsaida Pieranlly"]
[Black "Keinanen, Anastasia"]
[Result "0-1"]
[WhiteElo "1900"]
[BlackElo "2212"]
[PlyCount "36"]
[EventDate "2024.09.11"]
[WhiteTeam "Dominican Republic"]
[BlackTeam "Finland"]
[WhiteTeamCountry "DOM"]
[BlackTeamCountry "FIN"]

1. Nf3 d5 2. c4 e6 3. e3 Nf6 4. b3 b6 5. Bb2 Bb7 6. d4 Bd6 7. Bd3 O-O 8. O-O Ne4 ({RR} 8... c5 9. cxd5 exd5 10. Nc3 Nc6 11. Ne2 Qe7 12. Ng3 g6 13. Re1 Ne4 14. dxc5 Bxc5 15. a3 a5 16. Bb5 Rfd8 17. Qc2 Rac8 18. Nxe4 dxe4 19. Qc3 Bd4 20. exd4 Nxd4 21. Qxd4 Rxd4 22. Nxd4 Qg5 23. Bf1 {1-0 Portisch,L (2600)-Onischuk,A (2605) Biel SKA 1996 (2)}) 9. Nc3 a6 10. Qc2 f5 11. Ne5 $146 ({RR} 11. Ne2 Nd7 12. Ne5 Bxe5 13. dxe5 Ndc5 14. Bxe4 dxe4 15. Ba3 Qe7 16. Nf4 Rfe8 17. Rad1 a5 18. Rd2 a4 19. Bb4 Bc6 20. Rfd1 Kf7 21. g3 axb3 22. axb3 Red8 23. h4 Rxd2 24. Rxd2 Ra1+ 25. Kh2 g6 {½-½ Danner,G (2414)-Huss,A (2336) SUI-chT Switzerland 2013 (3.5)}) ({RR} 11. cxd5 Nxc3 12. Bxc3 Bxd5 13. Qe2 Nd7 14. Ne5 Bxe5 15. dxe5 Nc5 16. Bc2 Ne4 17. Bb2 Qh4 18. Rad1 a5 19. f3 Ng5 20. Rd4 Qh5 21. Qd1 Qg6 22. Kh1 Nf7 23. g4 Bb7 24. Rf4 Rad8 25. Qe2 Ng5 {0-1 Neumeier,L (2312)-Leniart,A (2504) 2nd Bundesliga Nord 23-24 2023 (5.4)}) ({RR} 11. cxd5 Nxc3 12. Bxc3 Bxd5 13. Qe2 Nd7 14. Ne5 a5 15. f3 Nxe5 16. dxe5 Bc5 17. Kh1 Qe7 18. e4 fxe4 19. Bxe4 c6 20. Rad1 Qh4 21. g3 Qh3 22. Bd4 Bxd4 23. Bxd5 cxd5 24. Rxd4 Rac8 25. Rd2 Rc3 {0-1 Janz,F (2355)-Hansen,S (2555) Bundesliga 0506 2005 (5.3)}) 11... Nd7 12. Nxd7 Qxd7 13. f3 Nf6 14. e4 dxe4 15. fxe4 Ng4 16. e5 Bxe5 17. dxe5 Qd4+ 18. Kh1 Qxe5 0-1